00385 a2200109 4500001001000000005001700010008004100027245010100068100002200169773006700191999001700258ART_5168520260410162008.0260409a 10aReflexiones actuales acerca de la responsabilidad profesional de los administradores societarios1 aBoretto, Mauricio0 tTemas de derecho civilg- Año 7, N° 2 (feb. 2021)wREV34778 c31919d31919